Welcome to CU Library Online Public Access Catalogue (OPAC)

The All England Law Reports 2011 Vol. 3 (Record no. 1091)

MARC details
000 -LEADER
fixed length control field 00468nam a22001337a 4500
005 - DATE AND TIME OF LATEST TRANSACTION
control field 20241112163445.0
008 - FIXED-LENGTH DATA ELEMENTS--GENERAL INFORMATION
fixed length control field 241112b |||||||| |||| 00| 0 eng d
020 ## - INTERNATIONAL STANDARD BOOK NUMBER
International Standard Book Number 9781405757942
245 ## - TITLE STATEMENT
Title The All England Law Reports 2011 Vol. 3
Statement of responsibility, etc. Editor, Widdicombe, Solicitor. Managing Editor; Stella Anna-Marie Solicitor (NSW)
260 ## - PUBLICATION, DISTRIBUTION, ETC.
Place of publication, distribution, etc. London, United Kingdom
Name of publisher, distributor, etc. LexisNexis
Date of publication, distribution, etc. 2011
300 ## - PHYSICAL DESCRIPTION
Extent xxiii, 1132 pages
Dimensions 23.5 cm
650 ## - SUBJECT ADDED ENTRY--TOPICAL TERM
Source of heading or term Law Reports
General subdivision England
942 ## - ADDED ENTRY ELEMENTS (KOHA)
Source of classification or shelving scheme Library of Congress Classification
Koha item type Books
Suppress in OPAC No
999 ## -
-- 1091
-- 1091
Holdings
Withdrawn status Lost status Source of classification or shelving scheme Damaged status Not for loan Collection Home library Current library Shelving location Date acquired Total checkouts Full call number Barcode Date last seen Copy number Price effective from Koha item type
    Library of Congress Classification     Non-fiction Law Library (Miotso) Law Library (Miotso) General stacks 11/12/2024   ELR 11 VOL. 3 LLM00000878 11/12/2024 1 11/12/2024 Books
© 2023-2024 Copyright: Central University Libraries. All Rights Reserved | Created by: Mahone Tech Office